00540nam a22001457a 4500008004100000040005500041080002000096100001500116245011700131260007700248300001400325650001600339653002100355653001800376230215b |||||||| |||| 00| 0 eng d aNational Science LibrarycNational Science Library a631:31(54) bJ7 aAnand, R L aPunjab agriculture facts & figures c/Economic and statistical organisation, Govt. of Punjab, publication no. ii aPunjab: bEconomic and statistical organisation, Govt. of Punjab, c1957 avi, 212p. aAgriculture aHuman population aArea of crops